000 00475nam a2200193Ia 4500
005 20240823043223.0
008 240823s9999||||xx |||||||||||||| ||und||
020 _a81 8371 056 5
041 _aENGLISH
082 _A519.4 P7
100 _aArumugam M et al.
245 0 _aNumerical Methods for Engineers
250 _a1st
260 _c2007
_bScitech Ch
_aChennai
500 _aTRANSFERED
650 _aNumerical Methods
_bMathematics
942 _cBK
999 _c209719
_d209719